Актуальные проблемы социальной философии: сборник трудов II Межрегиональной научно-практической конференции, Томск, 26-27 октября 2004 г.; Вып. 2

Bibliografiske detaljer
Corporate Authors: Томский политехнический университет (ТПУ), Актуальные проблемы социальной философии
Andre forfattere: Корниенко А. А. Алла Александровна
Summary:В настоящий сборник вошли статьи участников конференции по следующим секциям: социальная работа, философия науки и образования
Sprog:russisk
Udgivet: Томск, Изд-во ТПУ, 2004
Fag:
Format: MixedMaterials Bog
KOHA link:https://koha.lib.tpu.ru/cgi-bin/koha/opac-detail.pl?biblionumber=109654

MARC

LEADER 00000nam0a2200000 4500
001 109654
005 20240213161450.0
035 |a (RuTPU)RU\TPU\book\118414 
090 |a 109654 
100 |a 20070212d2004 k y0rusy50 ca 
101 0 |a rus 
102 |a RU 
105 |a y z 101zy 
200 1 |a Актуальные проблемы социальной философии  |e сборник трудов II Межрегиональной научно-практической конференции, Томск, 26-27 октября 2004 г.  |f Томский политехнический университет (ТПУ) ; гл. ред. А. А. Корниенко  |h Вып. 2 
210 |a Томск  |c Изд-во ТПУ  |d 2004 
215 |a 189 с. 
320 |a Библиогр. в конце ст. 
330 |a В настоящий сборник вошли статьи участников конференции по следующим секциям: социальная работа, философия науки и образования 
610 1 |a социальная философия 
610 1 |a образование 
610 1 |a вузы 
610 1 |a социальная работа 
610 1 |a преподавание 
610 1 |a Открытое общество 
610 1 |a гендерное равенство 
610 1 |a толерантность 
610 1 |a гражданское общество 
610 1 |a демократия 
610 1 |a власть 
610 1 |a глобализация 
610 1 |a занятость 
610 1 |a бедность 
610 1 |a старость 
610 1 |a пенсионная реформа 
610 1 |a эвтаназия 
610 1 |a конференции 
610 1 |a труды учёных ТПУ 
686 |a Ю6л0  |2 rubbk 
702 1 |a Корниенко  |b А. А.  |c российский философ  |c профессор Томского политехнического университета  |c заведующая кафедрой философии  |f 1941-  |g Алла Александровна  |3 (RuTPU)RU\TPU\pers\21967  |4 651  |9 9286 
712 0 2 |a Томский политехнический университет (ТПУ)  |c (1991-2009)  |3 (RuTPU)RU\TPU\col\376 
712 1 2 |a Актуальные проблемы социальной философии  |c межрегиональная научно-практическая конференция  |d 2  |e Томск  |f 2004 
801 1 |a RU  |b 63413507  |c 20070212  |g PSBO 
801 2 |a RU  |b 63413507  |c 20131128  |g PSBO 
942 |c BK